01263nam a22002537a 4500003000900000005001700009007000300026008003600029020001800065040002600083100004600109245006100155260006900216300002200285500005800307505019700365590002900562910001400591942001400605952012100619952012600740952012600866999001700992DO-SdBNP20211015105914.0ta210621b 2018 dr 00| 0 eng d a9789945909944 aDO-SdBNPbspacBNPHU 1 a:Medina Sánchez, Rafael, d1972-97893610aLa disyuntiva de Juan Pilero /cRafael Medina Sánchez. aHermanas Mirabal, República Dominicana : bPapelmaché,c2018 a95 p. ; c22 cm.  aIncluye datos biográficos del autor en las solapas.0 aLos vápodos --tCando: un jinete engreído --tLos domingos --tLa bruja de Quilino --tKentauro ---tCosas de campo --t El juego de Milo --tEl robo --tDoble partida --tLa confesión . aInventariado, 2021 /LP  aLopérez 2ddccLBS1 00102ddc718PDaBNPHUbPDcHDd2021-06-21eDepósito Legal l0oBNPHU PDp2021-2166r2021-06-21w2021-06-21yLFPD 00102ddc728PDaBNPHUbPDcHDd2021-06-21eDepósito Legal l0oBNPHU PDp2021-2167r2021-06-21te.2w2021-06-21yLFPD 00102ddc758DSaBNPHUbDOcHDd2021-06-21eDepósito Legal l0oBNPHU DSp2021-2168r2021-06-21te.3w2021-06-21yLFDS c49969d49969